Secondary Two Normal Technical Mathematics Model Examination Papers / (Record no. 295946)
[ view plain ]
| 000 -LEADER | |
|---|---|
| fixed length control field | 01057nam a22001697a 4500 |
| 003 - CONTROL NUMBER IDENTIFIER | |
| control field | SISC |
| 005 - DATE AND TIME OF LATEST TRANSACTION | |
| control field | 20160616100502.0 |
| 008 - FIXED-LENGTH DATA ELEMENTS--GENERAL INFORMATION | |
| fixed length control field | 160616b xxu||||| |||| 00| 0 eng d |
| 020 ## - INTERNATIONAL STANDARD BOOK NUMBER | |
| International Standard Book Number | 9789814593205 |
| 245 ## - TITLE STATEMENT | |
| Title | Secondary Two Normal Technical Mathematics Model Examination Papers / |
| Statement of responsibility, etc | Kelvin Tay |
| 250 ## - EDITION STATEMENT | |
| Edition statement | 2nd ed. |
| 260 ## - PUBLICATION, DISTRIBUTION, ETC. (IMPRINT) | |
| Place of publication, distribution, etc | Singapore : |
| Name of publisher, distributor, etc | Educational Publishing House, |
| Date of publication, distribution, etc | 2014 |
| 300 ## - PHYSICAL DESCRIPTION | |
| Extent | 48 p. : |
| Other physical details | ill. ; |
| Dimensions | 26 cm. |
| 520 ## - SUMMARY, ETC. | |
| Summary, etc | Secondary 2 Normal (Technical) Mathematics Model Examination Papers is written in accordance with the latest MOE Secondary Mathematics Syllabus. This book contains 8 sets of examination papers to help students in preparing for their examinations. Questions in this book are specially crafted to test students' knowledge and their ability to apply mathematical concepts in answering the questions. This book aims to help students in mastering problem solving skills and boost their confidence in tackling questions in their school examinations. |
| 650 ## - SUBJECT ADDED ENTRY--TOPICAL TERM | |
| Topical term or geographic name as entry element | Mathematics--Examinations--Periodicals |
| 942 ## - ADDED ENTRY ELEMENTS (KOHA) | |
| Source of classification or shelving scheme | Library of Congress Classification |
| Koha item type | Books |
No items available.